[Event "Corus"]
[Site "Wijk aan Zee"]
[Date "2000.01.20"]
[Round "5"]
[White "Leko, Peter"]
[Black "Timman, Jan H"]
[Result "1/2-1/2"]
[WhiteElo "2725"]
[BlackElo "2655"]
[Annotator "Psakhis,L"]
[PlyCount "67"]
[EventDate "2000.01.15"]
[EventType "tourn"]
[EventRounds "13"]
[EventCountry "NED"]
[EventCategory "18"]
[SourceTitle "CBM 075"]
[Source "ChessBase"]
[SourceDate "2000.04.05"]
[SourceVersion "1"]
[SourceVersionDate "2000.04.05"]
[SourceQuality "1"]

1. e4 c5 2. Nf3 e6 3. d3 {It is really funny how many strong players start to
explore this modest line!} Nc6 4. g3 d5 5. Qe2 {White played almost
automatically 5.Nbd2 5-10 years ago , in our days 5.Qe2 is a big fashion.} Nge7
6. Bg2 g6 7. O-O Bg7 8. e5 h6 9. h4 b6 10. Re1 (10. c4 Bb7 11. Bf4 Nf5 12. Nc3
Ncd4 13. Qd2 Nxf3+ 14. Bxf3 Nd4 15. Bg2 Qd7 16. Rad1 Rd8 17. Qe3 O-O 18. g4 Kh7
19. g5 h5 20. Bg3 a6 21. Kh2 Rfe8 22. f4 b5 23. b3 Bc6 24. cxd5 exd5 {Van der
Weide,K-De Vilder,H/Dieren op 1997/1-0 (39)}) (10. Na3 Ba6 11. c4 O-O 12. Bf4
Nf5 13. Nc2 Bb7 14. Rfd1 Qe7 15. Rab1 Rfd8 16. cxd5 Rxd5 17. g4 Nfd4 18. Nfxd4
Nxd4 19. Nxd4 Rxd4 20. Be3 Bxg2 21. Bxd4 Qb7 22. Bc3 Bf3 23. Qe3 Bxd1 24. Rxd1
Rd8 {Dashko,A-Gleizerov,E/Krasnodar op 1998/0-1 (51)}) 10... Bb7 11. c3 Nf5
$146 (11... Qd7 12. a3 b5 13. Nbd2 c4 14. a4 cxd3 15. Qxd3 bxa4 16. Qc2 O-O 17.
Qxa4 Qc7 18. Nb3 Nxe5 19. Nxe5 Bxe5 20. Bxh6 Rfe8 21. Na5 Ba6 22. Bg5 f6 23.
Bxf6 Bxf6 24. Rxe6 Rf8 25. Rxa6 Rab8 26. Qc2 {Lastin,A-Zarubin,P/Moscow op
1995/1-0 (40)}) 12. Na3 $5 {[%cal Ga3b5,Ga3c2,Gc2e3]} (12. Nbd2 {[%cal Gd2f1,
Gf1h2,Gh2g4] was reasonable alternative to the move in th the text.}) 12... Qd7
13. Nc2 {[%cal Gd3d4]} d4 {Other case White will play d4 himself} 14. c4 $14
O-O-O (14... O-O $5 {Maybe on the king side black king would be better
protrected!?}) 15. Rb1 {[%cal Gb2b4]} Bf8 16. Bd2 Kb8 (16... a5 $6 {just
produced additional weakness-} 17. a3 a4 18. b4 axb3 19. Rxb3 $18 {[%csl Rb6]})
17. a3 ({Deserves attention and immediate} 17. b4 $5 cxb4 18. Nxb4 $36) 17...
Be7 18. b4 Rdg8 19. bxc5 (19. b5 $5 Nd8 20. Nh2 g5 $140 21. h5 {[%cal Gh2g4,
Ga3a5] either doesn't look bad}) 19... Bxc5 20. Bb4 {White develop attack on
the queen side much quicker than opponent.} Bxb4 21. Nxb4 (21. axb4 g5 22. h5
$16 {[%csl Gd4][%cal Gb4b5,Gc4c5,Gf3h2,Gh2g4]}) 21... g5 22. h5 g4 23. Nd2 (23.
Nxc6+ Bxc6 (23... Qxc6 24. Nh4) 24. Nd2 $16 Bxg2 $140 25. Kxg2 Ne7 26. Ne4 {
[%csl Rg4][%cal Ge4d6,Ge4f6]}) 23... Nxb4 24. Rxb4 (24. axb4 $5 {leades to
clear advantage, for example} Bxg2 (24... Rg5 $2 25. Ne4) 25. Kxg2 Qb7+ 26. Ne4
Rg5 $140 27. Kg1 Rxh5 28. Qxg4 {[%csl Rh5] but move in the text is not bad at
all}) 24... Bxg2 25. Kxg2 {[%cal Rc4c5]} Ne7 $1 26. Ne4 (26. c5 Qd5+ 27. Qe4
Qxc5 28. Nb3 $14) 26... Qc7 27. Nf6 $2 ({I can't believe, that it is possible
to defend black position after} 27. Rb5 $142 $1 Qc6 (27... Nc6 28. c5 Qxe5 29.
Qb2 $18 {[%cal Gc5b6,Rb5b8]}) 28. a4 $16 {[%csl Rb8][%cal Ga4a5,Gc4c5] and
black monarch in serious troubles. Move in the game helps a lot to Black})
27... Rg5 $1 {[%csl Re5]} 28. c5 Qb7+ 29. Ne4 $6 (29. Qe4 $1 Nc6 $140 30. cxb6
Nxb4 31. bxa7+ Kxa7 32. axb4 $16 {[%csl Rd4,Gf6,Rg4,Rg5]}) 29... Nd5 30. Rxd4
Rxe5 31. Qb2 $6 {Last inaccuracy allows finally Timman to escape after not
very successful opening.} (31. cxb6 axb6 (31... Nxb6 32. Qxg4) (31... f5 32.
Qb2 {[%cal Gb2h8]} fxe4 33. Rdxe4 $18) 32. Qb2 $36 {[%cal Gb2h8] and black,s
position still quite unpleasant}) 31... Rc8 $132 32. cxb6 Nxb6 33. Rd8 Rxh5 34.
Rxc8+ (34. Rxc8+ Nxc8 $11 (34... Qxc8 35. Rc1 Qd8 36. Qg7 $36)) 1/2-1/2

[Event "ARG-ch"]
[Site "Buenos Aires"]
[Date "1998.04.29"]
[Round "13"]
[White "Seminara, Juan Pablo"]
[Black "Giaccio, Alfredo Gustavo"]
[Result "0-1"]
[WhiteElo "2320"]
[BlackElo "2460"]
[Annotator "Psakhis,L"]
[PlyCount "70"]
[EventDate "1998.04.15"]
[EventType "tourn"]
[EventRounds "15"]
[EventCountry "ARG"]
[EventCategory "9"]
[SourceTitle "CBM 065"]
[Source "ChessBase"]
[SourceDate "1998.08.06"]
[SourceVersion "1"]
[SourceVersionDate "1998.08.06"]
[SourceQuality "1"]

1. e4 e6 2. d3 d5 3. Qe2 Nf6 4. Nf3 dxe4 5. dxe4 b6 $5 (5... e5) (5... Bc5 6.
Bg5 Nc6 7. c3 h6 8. Bh4 a5 9. Qc2 e5 10. Bb5 Qe7 11. Nbd2 Bg4 12. Bg3 Nd7 $13 {
0-1 Kozel,R-Lavrov,S/Moscow-4 1996 (57)}) 6. e5 Ba6 {N/} (6... Nd5 7. c4 Nb4 8.
a3 N4c6 9. b4 Bb7 10. Bb2 a5 11. b5 Ne7 12. Nc3 Nd7 13. Rd1 Ng6 14. Ne4 Qc8
$132 {0-1 Cherniaev,A-Kuijf,M/Wijk aan Zee-B 1998 (41)}) 7. c4 Nfd7 (7... Nd5
$6 8. Qe4) 8. Qe4 (8. Bg5 $5 Be7 9. Bxe7 Qxe7 10. Nc3 Nc6 $13) 8... Bb4+ 9.
Nbd2 (9. Bd2 Nc5 $1 10. Qxa8 $140 Bb7 11. Qxa7 Nc6 12. Bxb4 Nxa7 13. Bxc5 bxc5
14. Nbd2 Nc6 $15) (9. Nc3 Nc5 $1) 9... Nc5 10. Qe3 (10. Qg4 $6 O-O {><d3}) (10.
Qc2 $6 Bb7) 10... Bb7 11. Be2 (11. a3 $5 Bxd2+ 12. Bxd2 a5 $11) 11... Ne4 $1
12. O-O Bc5 13. Qf4 (13. Qd3 Qxd3 14. Bxd3 Nxd2 15. Bxd2 Bxf3 16. gxf3 Nc6 17.
Be4 O-O-O 18. Bg5 Nxe5 $5 $44) {[%tqu "En","What Black have to play now?","",
"","g7g5","",5]} 13... g5 $1 14. Qxe4 (14. Qg4 h5) 14... Bxe4 15. Nxe4 {
[%csl Rf6] White has some compensation for a queen, but with correct game
Black can solve all technical problems.} h6 16. Rd1 Qc8 17. Nf6+ Kf8 18. h4
gxh4 $1 19. Bf4 (19. Ng4 Kg7) 19... Be7 20. Nd4 (20. Ng4 h5) 20... Nd7 21.
Nxd7+ (21. Nxe6+ $5 fxe6 22. Nxd7+ Kg7 23. Bf3 c6 24. Rd3 Rd8 25. Rad1 $17)
21... Qxd7 22. Bf3 (22. Nf5 Qe8 23. Nxh6) 22... Rd8 $1 (22... Re8 23. Bc6) 23.
Nc6 (23. Nf5 $2 exf5 $5 24. Rxd7 Rxd7 $19) 23... Qe8 24. Nxd8 Bxd8 {[%cal
Gd8g5]} 25. Rd3 Bg5 26. Rad1 Qa4 $19 27. Ra3 Qxc4 28. Bxg5 hxg5 29. Rc3 (29.
Rxa7 Ke7) 29... Qf4 30. Rxc7 g4 {Beggining of the end.} 31. Bc6 g3 32. Rf1 Qxe5
33. Rxa7 Kg7 34. Ba4 b5 35. Bb3 gxf2+ 0-1

[Event "Capablanca Memorial Elite 38th"]
[Site "Havana"]
[Date "2003.05.08"]
[Round "3"]
[White "Granda Zuniga, Julio E"]
[Black "Nogueiras Santiago, Jesus"]
[Result "1-0"]
[WhiteElo "2628"]
[BlackElo "2532"]
[Annotator "Psakhis,L"]
[PlyCount "59"]
[EventDate "2003.05.06"]
[EventType "tourn"]
[EventRounds "11"]
[EventCountry "CUB"]
[EventCategory "13"]
[SourceTitle "CBM 096"]
[Source "ChessBase"]
[SourceDate "2003.09.25"]
[SourceVersion "1"]
[SourceVersionDate "2003.09.25"]
[SourceQuality "1"]

1. e4 e6 2. d3 {As usual Granda is deviating from the theory at very early
stage.} d5 3. Qe2 Nf6 4. g3 Be7 5. Bg2 b5 (5... c5 6. e5 Nfd7 7. f4 Nc6 8. c3
b5 9. Nf3 O-O 10. O-O a5 11. Be3 Ba6 12. Nbd2 Rb8 $132 {Jacko,V-Garancovsky,P/
Tatry op 2001/ 0-1 (34)}) 6. e5 $146 (6. Nd2 O-O 7. Ngf3 dxe4 8. Nxe4 Bb7 9.
O-O Nbd7 10. a4 b4 11. Nfd2 Nxe4 12. dxe4 Qc8 13. Re1 c5 $13 {0-1 Ristoja,
J-Tolonen,L/FIN t-ch 0102 2001 (35)}) 6... Nfd7 7. f4 c5 8. Nd2 Nc6 9. Ndf3 Qb6
10. Nh3 c4 (10... b4 11. f5 $5 exf5 $140 12. Nf4 $36 {[%cal Ge5e6]}) 11. Be3 (
11. f5 $6 Nd4 $1 12. Nxd4 Qxd4 {[%csl Re5]}) 11... Bc5 {The position is about
equal, but Black fails to find a correct plan and is being outplayed move by
move.} 12. Bxc5 Qxc5 ({It is not easy to assess positions arising after} 12...
Nxc5 $5 13. Nf2 Na4 $13) 13. Nf2 Ba6 (13... c3 $5) 14. Qd2 (14. c3 b4 15. d4
Qa5 16. Qd2 $13) 14... b4 15. d4 c3 ({Probably Black should have play} 15...
Qa5 $142) 16. dxc5 cxd2+ 17. Kxd2 Nxc5 18. b3 $1 {Granda managed to find a
clue to the position and seemingly, this move escaped Nogueiras' attention.
White has nothing after} (18. a3 b3 $1) 18... O-O (18... Ne4+ $2 19. Nxe4 dxe4
20. Ng5 Rd8+ 21. Ke3 $16) 19. a3 $14 {Here Black should play very accurately
in order not to get a worst position.} Bb7 $6 ({Black should have preferred} 
19... Rab8 $5 20. axb4 Rxb4) 20. axb4 Nxb4 21. Nd4 {[%csl Gd4]} Ne4+ $6 {
It is likely that this move makes life even harder for Black - now his pawn e4
becomes very weak.} (21... Rfc8 22. Ra3 $36 {[%cal Gh1a1,Gc2c3]}) 22. Bxe4 $1
dxe4 23. Rhe1 {[%csl Re4]} Rfd8 24. c3 Nc6 25. Rxe4 Rac8 (25... Nxd4 26. Rxd4
Rxd4+ 27. cxd4 a5 $5 $16 {[%cal Rb7d5]}) 26. Ra4 $1 Rd7 27. Re3 a5 (27... Nxd4
28. cxd4 Bd5 29. Ne4 $16) 28. Nd3 Ne7 $6 ({Last time Black had chance to
exchange knights -} 28... Nxd4 29. cxd4 Rd5 {with some chances for survival.})
29. Re1 Nd5 (29... Nf5 $5) 30. Rc1 {Further casualties are unavoidable, so
Nogueiras decides to stop the hopeless resistance.} 1-0

[Event "Asia-ch 5th"]
[Site "Hyderabad"]
[Date "2005.10.14"]
[Round "8"]
[White "Iuldachev, Saidali"]
[Black "Girinath, PDS."]
[Result "1-0"]
[WhiteElo "2543"]
[BlackElo "2392"]
[Annotator "Psakhis,L"]
[PlyCount "69"]
[EventDate "2005.10.05"]
[EventType "swiss"]
[EventRounds "9"]
[EventCountry "IND"]
[SourceTitle "CBM 110"]
[Source "ChessBase"]
[SourceDate "2006.01.31"]
[SourceVersion "1"]
[SourceVersionDate "2006.01.31"]
[SourceQuality "1"]

1. e4 e6 2. Qe2 b6 3. Nf3 Bb7 4. d3 d5 5. g3 dxe4 6. dxe4 Nf6 7. Nbd2 Nc6 {
Rare, but not bad move.} ({Much more popular move is} 7... Ba6 $5 {exchanging
light-coloured bishops} 8. c4 (8. Nc4 Be7 9. Bg2 O-O 10. O-O Nc6 11. Rd1 Bxc4
12. Rxd8 Bxe2 13. Rxa8 Rxa8 14. e5 Rd8 {0-1 Eichert,W-Werle,J/Wch B18 Oropesa
2001/ChessBase}) 8... Nc6 9. e5 Nd7 10. Bg2 Nc5 11. O-O Bb7 {[%cal Gd8d3]} 12.
Rd1 (12. Ne1 Qd7 13. f4 O-O-O 14. Ndf3 Nd4 15. Nxd4 Bxg2 16. Kxg2 Qxd4 17. Be3
Qe4+ $11 {1/2-1/2 Morozevich-Rosentalis/Moscow olm 1994 (65)}) 12... Qd3 13.
Qxd3 Nxd3 14. Ne4 ({Black got better ending after} 14. Nb3 $6 O-O-O 15. Bg5 Rd7
16. Bf4 Be7 17. Rd2 Rhd8 18. Re2 h6 19. h4 a5 $36 {0-1 Kroneder,C-Rieger,M/
RLNO 1998 (31)}) 14... Rd8 {1/2-1/2 Zhang Zhong (2541)-Dreev,A (2679)/Shenyang
1999/CBM 73/[Psakhis,L] (42)} ({Pawn on e5 in untouchable on this moment-} 
14... Ncxe5 $2 15. Nxe5 Nxe5 16. Bf4 $1 Nxc4 17. Nf6+ gxf6 18. Bxb7 Rd8 19.
Bc6+ $1 Ke7 20. Bxc7 Rxd1+ 21. Rxd1 $18 {leads to catastrophe.})) 8. Bg2 (8. c3
$5) (8. a3 e5 9. Bg2 a5 10. O-O Bc5 11. Nb3 Ba6 12. c4 Bd6 13. a4 O-O 14. Rd1
Nd7 15. Bg5 f6 16. Be3 Qe7 17. Nh4 Qf7 18. Bf1 Nc5 19. Nd2 g6 20. Nhf3 Rad8 21.
b3 Rfe8 22. Bg2 Nxb3 {0-1 Frois,A (2349)-Totsky,L (2515)/Cappelle la Grande op
2005/ (38)}) 8... Nb4 ({Black has nothing to worry about after solid} 8... e5
$5 9. O-O Bc5 10. Nb3 Bd6 11. Nh4 g6 12. Bh6 Qe7 13. Qf3 Nd7 14. Bh3 Rg8 15. c3
O-O-O 16. Ng2 f5 17. Qe3 g5 18. Bxf5 Qf6 19. Bxh7 Qxh6 20. Bxg8 Rxg8 21. h4 Be7
22. g4 Qe6 {0-1 Barskij,V-Krivosheja/Yalta op 1996/ChessBase (32)}) (8... a5 9.
e5 $1 (9. c3 Ba6 10. Nc4 e5 11. O-O Bc5 12. a4 Qe7 13. Bh3 O-O 14. Nh4 g6 15.
Bg5 Kg7 16. Rae1 h6 17. Bc1 Rad8 18. b3 Bxc4 19. Qxc4 Qd6 20. Be3 Bxe3 {
1/2-1/2 Quesada,Y (2411)-Nogueiras,J (2521)/CUB-ch Holguin 2002/ 387}) 9... Nd7
10. O-O Ba6 11. Nc4 (11. c4) 11... a4 $1 12. Bf4 Ra7 $5 (12... Na5 13. Nfd2 Ra7
14. h4 h6 15. h5 $14) 13. Qe4 Nb4 $1 (13... Bb7 $5) 14. Rfd1 $14 {1/2-1/2
Vujosevic,V (2405)-Stamenkovic,Z (2385)/Yugoslavia 1996 (34)}) 9. O-O $146 {
[%mdl 512] Interesting pawn sacrifice.} ({White failed to get any advantage
after} 9. Qc4 {and black has nice choice between} {and} Nxe4 $5 (9... Ba6 10.
Qb3 Nd7 11. a3 (11. Bf1 $140 $5) 11... Nc5 $1 12. Qc3 Nxc2+ 13. Qxc2 Nd3+ 14.
Kd1 Nxf2+ 15. Ke1 Nd3+ $40 {1/2-1/2 Vujosevic,V-Bukal,V/Paks GM 1998 (102)})
10. Nxe4 Qd5 11. Qxd5 exd5 {and possibly white must play now} 12. Nf6+ gxf6 13.
Nd4 Bc5 14. a3 {hoping to save half of point.}) 9... Nxc2 10. e5 Nd5 (10...
Nxa1 11. exf6 Qxf6 (11... a6 12. Nc4 $1 {[%cal Cg7f6,Gf1d1,Gc1g5]}) 12. Ne4 Qe7
(12... Qf5 13. Nh4 $1 Qa5 14. Nf6+ gxf6 15. Bxb7 $18) 13. Bf4 $36 {[%csl Ra1]
looks very suspicious.}) 11. Rb1 Ncb4 (11... Qd7 $5 12. a3 Qc6 {[%csl Gc2]})
12. a3 Na2 (12... Nc6 13. Ne4 $44) 13. Ne4 Nxc1 14. Rbxc1 Be7 15. Nd4 Qd7 ({
In the case of} 15... O-O 16. Nc6 Bxc6 17. Rxc6 Qd7 18. Qc2 a5 $5 {[%cal Ga8a7]
White has full compensation for pawn, but, maybe chances are more or less
equal.} (18... Bc5 19. Ng5 g6 20. Qa4 {[%cal Ch7h6,Ch6g5,Ga4h4]} Be7 21. Nh3 $5
$44 {[%cal Gh3f4]})) 16. Rfd1 O-O 17. f4 {In return for the pawn, White has
attacking chances against black's king.} (17. Qb5 Rfd8 $5 18. Nc6 Kf8 $5 $15)
17... c5 (17... Rad8 $5) 18. Nb5 Ba6 (18... Bc6 19. Nbd6 {[%cal Gb2b4]}) 19. a4
Bxb5 (19... Rad8 $5 20. Nec3 $1 Bb7 21. Nxa7 $140 Nxc3 22. bxc3 Qxa4 23. Bxb7
Qxa7 $11) 20. axb5 Qc7 21. Rxd5 $5 {[%mdl 512]} (21. Nc3 $44) 21... exd5 22.
Nc3 d4 23. Nd5 $1 {White's position is formidable despite the fact he is a
pawn and exchange down!} Qd8 24. g4 {Despite the reduced material, White still
can generate dangerous threats.} Rc8 25. b3 {[%cal Gg4g5,Gh2h4,Gf4f5]} Re8 (
25... Qd7 26. g5 Rfe8 27. Be4 $132) 26. Be4 Rc7 27. Rf1 Rd7 28. Qf3 (28. Qc4 $5
) 28... c4 $6 {I am not sure that this is the best move, but from other point
of view what black can do else?} 29. bxc4 {[%csl Gd5]} Bc5 30. Qd3 {White has
gained total control over the position and only needs to find a plan of
breaking through.} h6 (30... Qh4 31. g5) 31. Kh1 {[%cal Gf1g1,Gg4g5]} Rxd5 32.
Bxd5 Re7 33. g5 $18 hxg5 {Black could have offered a tougher resistance after}
(33... Kh8 $8 34. gxh6 g6) 34. fxg5 Rxe5 35. g6 (35. Bxf7+ $5 Kf8 36. Qg6 $18)
1-0

[Event "RUS-ch sf 58th"]
[Site "Kazan"]
[Date "2005.09.05"]
[Round "3"]
[White "Zvjaginsev, Vadim"]
[Black "Riazantsev, Alexander"]
[Result "1-0"]
[WhiteElo "2659"]
[BlackElo "2599"]
[Annotator "Psakhis,L"]
[PlyCount "75"]
[EventDate "2005.09.03"]
[EventType "swiss"]
[EventRounds "9"]
[EventCountry "RUS"]
[SourceTitle "CBM 109"]
[Source "ChessBase"]
[SourceDate "2005.11.14"]
[SourceVersion "1"]
[SourceVersionDate "2005.11.14"]
[SourceQuality "1"]

1. e4 e6 2. Qe2 Be7 3. Nf3 d5 4. d3 Nf6 5. e5 Nfd7 6. g3 c5 7. Bg2 b5 ({
More often Black plays} 7... Nc6 8. O-O {and here chooses between} (8. h4 f6 9.
exf6 Nxf6 10. Bh3 Qd7 11. O-O h6 12. Re1 Kf7 13. Nc3 Re8 14. Bf4 Bd6 15. Bxd6
Qxd6 16. Nb5 Qb8 17. Ne5+ Kg8 18. f4 a6 19. Na3 Nd4 20. Qf2 Qd6 21. c3 Nf5 {
1-0 Andrenko,I-Zakharova,A/UKR Juniors games girls Evpatoria 2005 (61)}) 8...
O-O ({and} 8... Qc7 {bearing in mind to castle queenside. However b7-b5 is a
regular move in this set-up.}) (8... g5 9. h3 h5 10. Re1 g4 11. hxg4 hxg4 12.
Nh2 Ndxe5 13. Nxg4 Nxg4 14. Qxg4 e5 15. Qf3 Nd4 16. Qd1 Bh3 17. Bxh3 Rxh3 18.
Qg4 Qc8 19. Qg8+ Kd7 20. Qxf7 Qg8 21. Qxg8 Rxg8 {0-1 Costa,J (2105)-Giaccio,A 
(2445)/POR t-ch Lisboa 2003/ChessBase}) 9. Na3 (9. Re1 Qc7 10. Bf4 Rd8 11. h4
Nf8 12. h5 h6 13. Nbd2 Bd7 14. Nf1 Rac8 15. c3 b5 16. Ne3 b4 17. Ng4 Nh7 18. c4
dxc4 19. dxc4 Nd4 20. Nxd4 cxd4 21. Nf6+ Bxf6 22. exf6 Qxc4 23. fxg7 Qxe2 24.
Rxe2 Kxg7 25. Be5+ f6 26. Bxd4 Bb5 27. Rd2 e5 28. Be3 Rxd2 29. Bxd2 a5 30. Be4
Ng5 {1/2-1/2 Panas,P-Kowalewski,J/POL t-ch2 Lublin 1999/ChessBase}) 9... Nd4
10. Nxd4 cxd4 11. Re1 Kh8 12. Bd2 Nb8 13. c4 dxc3 14. Bxc3 Nc6 15. Nc2 Qb6 16.
Rab1 a5 17. h4 Bd7 18. h5 h6 19. a3 Rac8 20. Qg4 f5 21. exf6 Bxf6 22. d4 Qd8
23. Qe2 b5 {0-1 Stripunsky,A (2543)-Shabalov,A (2575)/Denver Levy mem 2003/The
Week in Chess 464 (44)}) 8. O-O (8. h4 h6 9. Bf4 Nc6 10. Nbd2 Nb6 11. Nf1 a5
12. g4 Ba6 13. Ng3 g6 14. Qd2 Bf8 15. O-O Qc7 16. Rfe1 O-O-O 17. c3 Kb7 18. Qc1
Ka7 19. b3 Rd7 20. Bf1 Bg7 21. c4 bxc4 22. dxc4 dxc4 {Rodriguez Vila,A (2485)
-Giaccio,A (2475)/Sao Paulo IV Comunic 2004/FCD/1/2-1/2 (49)}) 8... Nc6 9. h4
a5 10. a4 $146 (10. Bf4 b4 11. c4 bxc3 12. bxc3 Ba6 13. Nbd2 Rb8 14. Rab1 O-O
15. c4 Nb6 16. Ng5 Nd4 17. Qh5 h6 18. Ngf3 dxc4 19. Bxh6 g6 20. Qg4 c3 21. h5
Bxd3 22. Ne4 Kh7 23. Bxf8 {0-1 Zarnicki,P (2520)-Drozdov,A (2320)/Internet
playchess.com blitz 2005 (43)}) 10... bxa4 ({Of course} 10... b4 {[%cal Gc8a6,
Gc5c4] is always an option.}) 11. Rxa4 c4 (11... Ba6 {[%cal Gc5c4]} 12. Rg4
$140 c4 $5 13. Rxg7 cxd3 14. cxd3 Ndxe5 $1 15. Nxe5 Nxe5 $132) 12. d4 ({
Less promising was} 12. dxc4 Ba6 ({or} 12... Nb6) 13. b3 (13. Be3 $5 Bxc4 14.
Rxc4 dxc4 15. Qxc4 $44) 13... dxc4 14. bxc4 Nb6 $36) 12... c3 $5 13. Nxc3 Ba6
14. Qd1 (14. Nb5 $4 Nb6 $5 15. Ra1 Nc4 $17) 14... Bxf1 15. Bxf1 $44 {[%csl Gf1]
White's compensation is evident. Black has serious difficulties of bringing
his king to safety.} h6 16. Nh2 $5 {[%cal Gd1g4]} (16. h5 $5) 16... Rb8 17. Ra1
(17. Qg4 $44) 17... Qb6 {[%csl Rd4]} (17... Rb4 18. Ne2 {[%cal Gc2c3,Ge2f4]} ({
if} 18. Nb5 $2 Qb6 {and Black wins more material}) 18... Qb8) 18. Nb5 $1 {
[%csl Gb5]} Na7 ({I would prefer} 18... O-O 19. c3 (19. Qg4 h5 $5 20. Qd1 $5
$132 (20. Qxh5 Nxd4 21. Nxd4 Qxd4 22. Bd3 f5 23. exf6 Nxf6 24. Qe2 Ne4 $36))
19... Rfc8 20. Qg4 (20. Bd3 $5) 20... Kf8 21. Qh5 $44 {and White has good
compensation for the exchange, but Black's position is solid.}) 19. Nxa7 Qxa7
20. c3 Nb6 (20... Qc7 21. Qg4 $36) 21. b3 $5 {In the forthcoming struggle the
strong pawn centre and considerable space advantage secure Zvjaginsev more
than enough compensation for the exchange.} ({White has no need of} 21. Bb5+ {
as he doesn't mind at all if Black castles.}) 21... Qc7 (21... O-O 22. Qg4 Kh8
23. Qh5 {[%cal Rh2g4]}) 22. c4 (22. Bb5+ $5 {[%cal Gc3c4]}) 22... Bb4 ({
In case of} 22... dxc4 {White plays} 23. bxc4 O-O 24. Qg4 Kh8 25. Bd3 Nxc4 (
25... Nd7 {[%cal Gb8b3]} 26. Qe4 f5 27. exf6 Nxf6 28. Qxe6 {with advantage for
White.}) 26. Qe4 g6 27. Bxh6 {[%cal Gh4h5] White's attack promises to be
crushing.} (27. h5 $5 Rg8 28. Ng4 $40) 27... Rfc8 28. Qf4 (28. Rc1 Rb4) 28...
Kg8 29. h5 $40) 23. Bf4 (23. c5 $5 Nd7 24. Qg4) 23... Rd8 24. Rc1 {There's no
particular hurry for White, he will improve his position and avoids any
counter-play for Riazantsev.} (24. c5 Nc8 25. Qg4 Kf8 {[%cal Ge7f5,Ge7c6,Gc8e7]
would have made Black's life easier.}) 24... dxc4 25. bxc4 {White's got a
clear plan to improve his position, while it is impossible for Black to come
up with active counter-play.} Bc5 (25... O-O 26. Be3 $1 {[%cal Gd1g4]} (26. Qg4
Rxd4 27. Nf3 Rxf4 $1 28. Qxf4 a4 $15)) 26. Be3 ({In the line} 26. Qg4 $5 Rxd4 (
26... Bxd4 27. Qxg7 Rf8 28. Ng4 Nd7 29. Bxh6) 27. Qxg7 Rf8 28. Bxh6 Nd7 29. Nf3
{White obtains a noticeable edge but Zvjaginsev's cool treatment of this
position is even more convincing.}) 26... O-O (26... h5 {[%csl Gg4]} 27. Nf3)
27. Qg4 h5 (27... Kh8 $2 28. dxc5) 28. Qe4 Ba3 29. Bd3 g6 30. Rc2 Kg7 (30...
Na4 $5 {[%cal Ga4b2]}) 31. d5 (31. Qf4 {was very strong as well.} Kg8 32. g4
$40) 31... Bc5 ({After} 31... exd5 32. cxd5 Qb7 33. Bxb6 ({Thers is no need to
complicate by} 33. Rc6 Nxd5 34. Bh6+ $5 Kh8 $1 (34... Kxh6 $4 35. Rxg6+ $18))
33... Qxb6 34. Rc6 Qb7 {White may choose between the quiet} 35. Nf3 {[%cal
Re5e6,Rf3g5] and sooner or later Black's position will crumble away} ({or the
drastic} 35. Rxg6+ $5 fxg6 36. Qxg6+ Kh8 37. Qxh5+ Kg8 38. Ng4 Bc1 39. d6 {
[%cal Rd3c4] with numerous threats.})) 32. d6 Qc8 33. Bg5 Nd7 34. Qf4 {[%cal
Gg5h6,Gg3g4]} Rh8 35. Nf3 Qb7 (35... Rde8 36. Bf6+ Nxf6 37. Qxf6+ Kg8 38. Ng5
Qd7 39. Bxg6 $18) 36. Bf6+ Nxf6 37. Qxf6+ Kh6 38. Ng5 {the knight is bought
back into the action with deadly effect! Nice achievement of Zvjaginsev. By
the way, where has Black made a real mistake?} 1-0